Регионална библиотека "Любен Каравелов" - Русе

Английски език (Запис номер 27673)

MARC детайли
000 -Лидер
Контролно поле с фиксирана дължина 01715nam a2200397 c 4500
003 - Код на организацията, давaща контролен номер
Контролно поле BLK
005 - Дата и час на последна редакция
Контролно поле 20250425091036.0
008 - Елементи от данни с фиксирана дължина
fixed length control field 180407b bul|||||r ||||||| ||bul||
010 ## - Наследен системен номер
LC control number KNG00030257000
020 ## - Международен стандартен номер на книга ISBN
Международен стандартен номер на книга ISBN 954-8805-31-6
040 ## - Източник на каталожния запис
Идентификатор на билиотеката - собственик на записа BLK
041 ## - Код за език
Код за езика на текст/звукозапис или на отделно заглавие Английски
Код за езика КДБФ Английски
080 ## - УДК
Текстов определител УДК Английски език
УДК код - определител по УДК 811.111
УДК определител (075.4)
УДК - код + определител 811.111(075.4)
139 ## - Редно поле
Редна дума Английски език
Авторски знак Ан - А 64
245 10 - Сведения за заглавието
Заглавие Английски език
Подзаглавни данни Самоучител в диалози : Ч. 1 -
Редно поле (дума) авт. на том Поля Кречеталска; съавт. на том Панайот Стефанов Първанов.
Том Ч. 1
246 11 - Различни форми на заглавието
Паралелно заглавие English for Bulgarians
257 ## - Страна на издаване
Страна на създаване/издаване България
260 ## - Област на издателските данни
Година на издаване 2000 -
Печатница В. Търново : Абагар
300 ## - Физическа характеристика
Размери/Мащаб 21 см
380 ## - Жанр
Жанр Езикознание. Филология
500 ## - Общи забележки
Забележка Авт. отбелязана на гърба на загл. с. - Офс. изд. - CD със същото загл. и сигн. CD 1043.
650 #4 - Допълнително описание по предмет – тема
Основно описание – тема или топоним Английски език - учебници за самоподготовка
9 (RLIN) 253258
653 ## - Ключова дума – ненормативна
Ключова дума английски език
653 ## - Ключова дума – ненормативна
Ключова дума самоучители
653 ## - Ключова дума – ненормативна
Ключова дума учебници за самообразование
700 1# - Други автори (авторска отговорност)
Лично име Кречеталска, Поля
Автороска отговорност (Описва отношението между автора и произведението) авт. на том
9 (RLIN) 84142
700 1# - Други автори (авторска отговорност)
Лично име Първанов, Панайот Стефанов
Автороска отговорност (Описва отношението между автора и произведението) съавт. на том
9 (RLIN) 366264
760 1# - Описание на основната серия
Място на издаване, издател и година Грамма, 2000
Страници - том 288 с.
Съпроводителни материали 2 аудиокасети, 1 CD
Заглавие Ч. 1
852 ## - Местоположение
Форматна сигнатура Цб 203138
856 4# - Електронен адрес и достъп
Електронен формат pdf - файл
856 4# - Електронен адрес и достъп
Електронен формат pdf - файл
942 ## - АРТИКУЛИ
Вид на библиотечния материал Книги
Скрит в OPAC Не
Koha issues (borrowed), all copies 14
944 ## - СЪЗДАВАНЕ И РЕДАКЦИЯ на ЗАПИСА
Създаване/Редакция Създаване
Дата на регистрацията/редакция 15.01.2003
Статус, дата на статуса Теодора Пейчева-Дянкова
Служител, извършил регистрацията/редакцията 30556
944 ## - СЪЗДАВАНЕ И РЕДАКЦИЯ на ЗАПИСА
Създаване/Редакция Редакция
Дата на регистрацията/редакция 28.12.2015
Статус, дата на статуса ф /
Служител, извършил регистрацията/редакцията Милена_Ачева
999 ## - СИСТЕМНИ КОНТРОЛНИ НОМЕРА
Koha biblionumber 27673
Koha biblioitemnumber 27673
999 ## - СИСТЕМНИ КОНТРОЛНИ НОМЕРА
Koha biblioitemnumber 27673
Наличности
Код за отписване Код за изгубен артикул Код за повреда Коз за рестрикции Код за отдаване Артикулен № Име на библиотеката - собственик Име на библиотеката, в която се намира в момента Статус (Текущо местоположение) Дата на вписване в системата Местоположение - отдел Цена в лева Инвентарен номер Систематично азбучна сигнатура Баркод Номер на екземпляра Цена в евро Служебна бележка Служебен тип на артикула Източник на класификационната схема
  Не е изгубен Не е повреден без рестрикции заемане за дома 44663 Регионална библиотека "Любен Каравелов" Русе Регионална библиотека "Любен Каравелов" Русе ЧЧЗО - англ. ез. - Британски съвет 2012-11-27 ЧЧЗО - англ. ез. - Британски съвет 10.00 120000761834 Ч3 802.0/А 64 120000761834 1 5.11 Дост: Pk Вид: Ф N: 323 Дата: 19.11.2012 Книги  
  Не е изгубен Не е повреден без рестрикции заемане за дома 44664 Регионална библиотека "Любен Каравелов" Русе Регионална библиотека "Любен Каравелов" Русе ЧЧЗО - англ. ез. - Британски съвет 2015-09-12 ЧЧЗО - англ. ез. - Британски съвет 9.05 120000792159 Ч3 802.0/А 64 120000792159 2 4.63 Дост: Pk Вид: Ф N: 91 Дата: 10.09.2015 Книги  
  Не е изгубен Не е повреден без рестрикции заемане за дома 44665 Регионална библиотека "Любен Каравелов" Русе Регионална библиотека "Любен Каравелов" Русе ЧЧЗО - англ. ез. - Британски съвет 2015-10-27 ЧЧЗО - англ. ез. - Британски съвет 10.00 120000794153 Ч3 802.0/А 64 120000794153 3 5.11 Дост: Pk Вид: Ф N: 441 Дата: 13.10.2015 Книги Universal Decimal Classification
  Не е изгубен Не е повреден без рестрикции заемане за дома 44666 Регионална библиотека "Любен Каравелов" Русе Регионална библиотека "Любен Каравелов" Русе ЧЧЗО - англ. ез. - Британски съвет 2015-10-27 ЧЧЗО - англ. ез. - Британски съвет 10.00 120000794154 Ч3 802.0/А 64 120000794154 4 5.11 Дост: Pk Вид: Ф N: 441 Дата: 13.10.2015 Книги  
  Не е изгубен Не е повреден без рестрикции ползва се в читалня 44667 Регионална библиотека "Любен Каравелов" Русе Регионална библиотека "Любен Каравелов" Русе Хранилище 2015-10-27 Основен фонд - ползва се само за читалня 10.00 120000794155 Цб 203138 120000794155 5 5.11 Дост: Pk Вид: Ф N: 441 Дата: 13.10.2015 Книги  
Vip Innovations Ltd, Rousse, Bulgaria 2025